| 000 -ლიდერი |
| ფიქსირებული სიგრძის საკონტროლო ველი |
01491nam a22001817a 4500 |
| 003 - საკონტროლო ნომრის იდენტიფიკატორი |
| საკონტროლო ველი |
Ge_BSU |
| 005 - ბოლო ოპერაციის თარიღი და დრო |
| საკონტროლო ველი |
20230614130952.0 |
| 008 - ფიქსირებული სიგრძის მონაცემთა ელემენტები - ზოგადი ინფორმაცია |
| ფიქსირებული სიგრძის საკონტროლო ველი |
230614s1995 ge ||||| |||| 00| 0 geo d |
| 020 ## - წიგნის საერთაშორისო სტანდარტული ნომერი |
| International Standard Book Number |
1512-0252 |
| 041 ## - ენის კოდი |
| Language code of text/sound track or separate title |
geo |
| 080 ## - უნივერსალური ათობითი კლასიფიკაციის ინდექსი |
| Universal Decimal Classification number |
94+7(05) ნ-28 |
| 245 ## - ცნობა სათაურის შესახებ |
| Title |
ნარკვევები : |
| Remainder of title |
ტ.1 / |
| Statement of responsibility, etc |
სამეც. რედ. ნოდარ ლომოური, გურამ ყიფიანი; რედ. ნინო ნადარაია; საქართველოს კულტურის სამინისტრო. საქართველოს აკადემიკოს შალვა ამირანაშვილის სახელობის საქართველოს ხელოვნების სახელმწიფო მუზეუმი |
| 700 ## - ADDED ENTRY--PERSONAL NAME |
| Personal name |
ლომოური, ნოდარ |
| Relator term |
სამეც. რედაქტორი |
| 9 (RLIN) |
5830 |
| 700 ## - ADDED ENTRY--PERSONAL NAME |
| Personal name |
ყიფიანი, გურამ |
| Relator term |
სამეც. რედაქტორი |
| 9 (RLIN) |
13514 |
| 700 ## - ADDED ENTRY--PERSONAL NAME |
| Personal name |
ნადარაია, ნინო |
| 9 (RLIN) |
18698 |
| 710 ## - ADDED ENTRY--CORPORATE NAME |
| Corporate name or jurisdiction name as entry element |
საქართველოს კულტურის სამინისტრო. |
| Subordinate unit |
საქართველოს აკადემიკოს შალვა ამირანაშვილის სახელობის საქართველოს ხელოვნების სახელმწიფო მუზეუმი |
| 9 (RLIN) |
18699 |
| 942 ## - ADDED ENTRY ELEMENTS (KOHA) |
| Source of classification or shelving scheme |
|
| Koha item type |
წიგნი |